[Event "Moscow op-E"]
[Site "Moscow"]
[Date "2011.01.29"]
[Round "1"]
[White "Krutov, Sergey"]
[Black "Filippov, Anton"]
[Result "0-1"]
[WhiteElo "2066"]
[BlackElo "2604"]
[PlyCount "119"]
[EventDate "2011.01.29"]
[EventType "swiss"]
[EventRounds "9"]
[EventCountry "RUS"]
[SourceTitle "CBM 140 Extra"]
[Source "ChessBase"]
[SourceDate "2011.03.01"]
[SourceVersion "1"]
[SourceVersionDate "2011.03.01"]
[SourceQuality "1"]

1. e4 e5 2. Nf3 Nc6 3. Bb5 a6 4. Bxc6 dxc6 5. 0-0 Bg4 6. h3 Bxf3 7. Qxf3 Qf6 8. d3 Qxf3 9. gxf3 Bd6 10. Nd2 Ne7 11. Nc4 Ng6 12. Nxd6+ cxd6 13. Kg2 f5 14. Rg1 0-0 15. Kf1 Nh4 16. Ke2 fxe4 17. fxe4 Nf3 18. Rg2 Nd4+ 19. Kd1 Rf3 20. Be3 Rxh3 21. Kd2 Nf3+ 22. Ke2 Rf8 23. Rg3 Rxg3 24. fxg3 Nh2 25. b4 Ng4 26. Bg1 Kf7 27. a4 Ra8 28. a5 h5 29. c4 g5 30. Rf1+ Kg6 31. Rf5 h4 32. gxh4 gxh4 33. Be3 Nxe3 34. Kxe3 h3 35. Kf2 Rh8 36. Kg1 h2+ 37. Kh1 Rh3 38. c5 Rxd3 39. cxd6 Rxd6 40. Rxe5 Rd4 41. b5 cxb5 42. Re7 Kf6 43. Rxb7 Rxe4 44. Kxh2 Re7 45. Rb6+ Re6 46. Kg3 Ke5 47. Rb7 Kd5 48. Kf4 Kc5 49. Kf5 Rh6 50. Kg5 Rc6 51. Kf5 Kb4 52. Ke5 Kxa5 53. Kd5 Rc2 54. Rh7 b4 55. Kd4 Ka4 56. Kd3 Rc6 57. Rh1 b3 58. Ra1+ Kb4 59. Kd2 a5 60. Ke1 0-1

[Event "Moscow op-B"]
[Site "Moscow"]
[Date "2009.11.20"]
[Round "1"]
[White "Yudkevich, Mikhail"]
[Black "Krutov, Sergey"]
[Result "1-0"]
[WhiteElo "2190"]
[BlackElo "1899"]
[PlyCount "91"]
[EventDate "2009.01.31"]
[EventType "swiss"]
[EventRounds "9"]
[EventCountry "RUS"]
[SourceTitle "EXT 2012"]
[Source "ChessBase"]
[SourceDate "2011.11.24"]
[SourceVersion "1"]
[SourceVersionDate "2011.11.24"]
[SourceQuality "1"]

1. d4 Nf6 2. c4 g6 3. Nc3 Bg7 4. e4 d6 5. Be2 0-0 6. Nf3 e5 7. 0-0 Nc6 8. d5 Ne7 9. Ne1 Ne8 10. Be3 f5 11. f3 f4 12. Bf2 g5 13. a4 Ng6 14. a5 h5 15. c5 dxc5 16. Bxc5 Rf7 17. d6 Be6 18. dxc7 Qxc7 19. b4 Rd7 20. Qc1 Bf8 21. Nd3 Bc4 22. Bxf8 Bxd3 23. Bc5 Bxe2 24. Nxe2 Nf8 25. Nc3 Nf6 26. Nb5 Qc6 27. Nxa7 Qe6 28. Nb5 g4 29. Nc3 gxf3 30. Rxf3 Ng6 31. Qe1 Rg7 32. Rd1 Ne7 33. h3 Kh7 34. Rd6 Qg8 35. Rxf6 Rxg2+ 36. Kh1 Nc6 37. Qh4 Rg5 38. Rf5 Rxf5 39. exf5 Kh6 40. Qf6+ Kh7 41. Ne4 Qg7 42. Qxg7+ Kxg7 43. Rd3 Rd8 44. Rxd8 Nxd8 45. b5 Kf7 46. Bd6 1-0